000 00260 a2200097 4500
001 59749
100 _a
245 _aShakhsiyat ka Encyclopedia; Tareekh-e-Shakhsiyat say Ibarat Hae (Urdu)
260 _aLahore
_bGohar Publications
_c2009
090 _c36621
_d36621
942 _aNUST-CAE
_c
_c29582
999 _c294822
_d294822